The origins of agriculture : an international perspective

Αποθηκεύτηκε σε:
Λεπτομέρειες βιβλιογραφικής εγγραφής
Άλλοι συγγραφείς: Cowan, C. Wesley 1951- (Επιμελητής έκδοσης), Watson, Patty Jo 1932- (Επιμελητής έκδοσης), Benco, Nancy L. (Επιμελητής έκδοσης)
Μορφή: Βιβλίο
Γλώσσα:English
Δημοσίευση: Washington : Smithsonian Institution Press, 1992
Σειρά:Smithsonian series in archaeological inquiry
Θέματα:
Ετικέτες: Προσθήκη ετικέτας
Δεν υπάρχουν, Καταχωρήστε ετικέτα πρώτοι!

MARC

LEADER 00000nam a2200000 i 4500
001 1/6105
008 960624s1992 eng d
020 |a 0-87474-991-3 
035 |l 10016238 
040 |a GR-MY-UA  |b gre  |e aacr 
041 0 |a eng 
082 0 |a 630.9 
245 1 4 |a The origins of agriculture :  |b an international perspective /  |c Edited by C. Wesley Cowan and Patty Jo Watson with the assistance of Nancy L. Benco 
260 |a Washington :   |b Smithsonian Institution Press,   |c 1992 
300 |a 224 p.  |b maps 
490 1 |a Smithsonian series in archaeological inquiry 
504 |a Includes bibliographical references and index 
650 0 0 |a Agriculture  |x Origin  |x Congresses. 
650 0 0 |a Agriculture, Prehistoric  |x Congresses. 
650 0 0 |a Prehistoric peoples  |x Food  |x Congresses. 
650 0 0 |a Plant remains (Archaeology)  |x Congresses. 
700 1 |a Cowan, C. Wesley  |d 1951-  |4 edt 
700 1 |a Watson, Patty Jo  |d 1932-  |4 edt 
700 1 |a Benco, Nancy L.  |4 edt 
830 0 |a Smithsonian series in archaeological inquiry 
852 |a INST  |b LESVOS  |e 19960624  |h 630.9 ORI  |p 005100009848  |q 005100009848  |t BK  |y 0 
909 |a Λ  |b 044050